music triva: "x's" - Statistics

General Stats
  • This quiz has been taken 30 times
  • The average score is 7 of 15
Answer Stats
Hint Answer % Correct
Although this band was influenced by bands such as Van Halen and Aerosmith and generally produced music characterized as rock, their biggest single is a lovely acoustic duet called "More Than Words", by Gary Cherone and Nuno Bettencourt. The band's name is _______ Extreme
77%
Besides, maybe "Use Somebody", this is Kings of Leon's biggest single from their biggest album, Only By the Night. ___ on Fire Sex on Fire
64%
This musician earned a living as a sideman for Little Richard and others, before starting his own power trio with Mitch Mitchell and Noel Redding in 1966. By 1969 he was one of the best paid rock performers in the world. He headlined Woodstock. Jimi Hendrix
59%
Band with albums such as; English Settlement, Skylarking and Nonsuch, and songs; "Senses Working Overtime", "Making Plans for Nigel", and "The Ballad of Peter Pumpkinhead". XTC
59%
This is the fifth studio album by The Who, and is considered one of the greatest rock albums ever. It includes the hit songs; "Behind Blue Eyes", "Won't Get Fooled Again" and "Baba O'Riley". Who's ____ Who's Next
55%
It has a name that could be translated, "wood voice" or "wooden sound", and it is played similarly to a vibraphone or marimba. xylophone
55%
This debut single from 1992 was Right Said Fred's commercial apex. The song reached #1 in the U.S. and Australia, and won the first of two Ivor Novello awards for the artists. The song was covered by Saint Etienne and The Chipmunks and was voted one of the 50 worst songs ever by Blender in 2008. I'm Too ____ I'm Too Sexy
50%
Santana's second album, and with hit songs such as Samba Pa Ti, Black Magic Woman, and Oye Como Va, one of their best. Abraxas
45%
His given first name was Reginald, but this British actor was known by a short but regal nick-name. Cast in singing roles-Henry Higgins and Doctor Dolittle, despite his musical limitations. The voice of Stewie, on Family Guy is based on him. ___ Harrison Rex Harrison
45%
This Side 3, track 5 on the Beatles' White Album was written and sung by John Lennon. It's also the name of a Spanish pop rock band from Majorca that released several albums between 1992 and 2006. ____ Sadie Sexy Sadie
41%
Written and sung by George Harrison for The Beatles Revolver album, this Side 1, Track 1, was an opportunity for Paul McCartney to play the guitar solo. Taxman
41%
Springsteen's drummer of choice since 1974. He also worked with Conan O'Brien from 1993 to 2010. ___ Weinberg Max Weinberg
36%
One of John Entwistle's nicknames was Thunderfingers, another is the answer to this hint. If you turn it around the other way, it's Elliott Smith's 1998 album. The Ox or XO
32%
1992 studio album by Sade, their fourth. It went 4 x Platinum in the U.S. The title is Love ______ Love Deluxe
5%
Among the best-selling Brazilian artists of all time, with 4 of her children's albums in the top 10 best selling albums, this TV host, actor, model, singer, business person is a two-time Latin Grammy award winner for the childrens music category. She briefly had an English language version of her hit show in the U.S. also. Xuxa
5%
No matching quizzes found
Score Distribution
Percent of People with Each Score
Percentile by Number Answered
Your Score History
You have not taken this quiz